000 00681nam a22002297a 4500
005 20251108172510.0
008 250721s9999 xx 000 0 ara d
082 1 4 _a792.2برج
100 1 _aبرجسون، هنري
245 1 0 _aالضحك : البحث في دلالة الضحك /
250 _aط2
264 1 _aالقاهرة :
_bالهيئة المصرية العامة للكتاب،
300 _a139ص
490 0 _aالألف كتاب الثاني;245
650 1 7 _aالضحك
650 1 7 _aالسعادة
650 1 7 _aالفكاهة
650 1 7 _aالكوميديا
700 1 _aدروبي، سامي
_eمترجم
942 _2ddc
_cBK
999 _c80909
_d80909